UITU Library & LRC     

Electromagnetics (Record no. 13780)

MARC details
000 -LEADER
fixed length control field 00473nam a2200181Ia 4500
008 - FIXED-LENGTH DATA ELEMENTS--GENERAL INFORMATION
fixed length control field 240925s9999 xx 000 0 und d
020 ## - INTERNATIONAL STANDARD BOOK NUMBER
International Standard Book Number 9788122430554
082 ## - DEWEY DECIMAL CLASSIFICATION NUMBER
Classification number 530.141 LAU
100 ## - MAIN ENTRY--PERSONAL NAME
Personal name Laud, B. B.
245 #0 - TITLE STATEMENT
Title Electromagnetics
250 ## - EDITION STATEMENT
Edition statement 3rd
260 ## - PUBLICATION, DISTRIBUTION, ETC.
Place of publication, distribution, etc. New Delhi:
Name of publisher, distributor, etc. New Age International (Pvt) Limited
Date of publication, distribution, etc. ,2011.
300 ## - PHYSICAL DESCRIPTION
Extent 524p.
Other physical details 0
Type of unit Original
500 ## - GENERAL NOTE
General note Includes Index
600 ## - SUBJECT ADDED ENTRY--PERSONAL NAME
Personal name Humanities & Natural Science
650 ## - SUBJECT ADDED ENTRY--TOPICAL TERM
Topical term or geographic name entry element Physics
942 ## - ADDED ENTRY ELEMENTS (KOHA)
Koha item type Books
Holdings
Withdrawn status Lost status Damaged status Not for loan Collection Home library Current library Date acquired Source of acquisition Cost, normal purchase price Total checkouts Full call number Barcode Date last seen Price effective from Koha item type
        Humanities & Basic Sciences UITU Library UITU Library 05/11/2017 H & S Enterprises 1039.50   530.141 LAU Q11281 09/25/2024 09/25/2024 Books

Powered by Koha